University Home | Library Home | Institutional Repository

Mental retardation / (Record no. 36783)

MARC details
000 -LEADER
fixed length control field 00537cas a2200169 4500
008 - FIXED-LENGTH DATA ELEMENTS--GENERAL INFORMATION
fixed length control field 151124n eng u
020 ## - INTERNATIONAL STANDARD BOOK NUMBER
International Standard Book Number 9781590184127
035 ## - SYSTEM CONTROL NUMBER
System control number (Sirsi) a194259
050 ## - LIBRARY OF CONGRESS CALL NUMBER
Classification number RC 570 ABR 2007
100 ## - MAIN ENTRY--PERSONAL NAME
Personal name Abramovitz, Melissa.
245 ## - TITLE STATEMENT
Title Mental retardation /
Statement of responsibility, etc. Melissa Abramovitz.
260 ## - PUBLICATION, DISTRIBUTION, ETC.
Place of publication, distribution, etc. Detroit :
Name of publisher, distributor, etc. Lucent Books,
-- c2007.
300 ## - PHYSICAL DESCRIPTION
Extent 104 p. :
Other physical details ill.
440 ## - SERIES STATEMENT/ADDED ENTRY--TITLE
Title Diseases & disorders
500 ## - GENERAL NOTE
General note Includes bibliographical references and index.
650 ## - SUBJECT ADDED ENTRY--TOPICAL TERM
Topical term or geographic name entry element Mental retardation--Juvenile literature.
Holdings
Withdrawn status Lost status Source of classification or shelving scheme Damaged status Not for loan Home library Current library Shelving location Total Checkouts Full call number Barcode Date last seen Copy number Price effective from Koha item type
    Library of Congress Classification     Medical Library Medical Library On Shelf   RC 570 ABR 2007. 33729005163824 08/13/2019 1 08/13/2019 Book
© 2026 - The University of Zambia Library - Koha v25.11